| 000 | 00547nac a22001451u 4500 | ||
|---|---|---|---|
| 008 | 090317t xxu||||| |||| 00| 0 eng d | ||
| 020 | _a9774245121 | ||
| 082 |
_a330.1220962 _bS6868 |
||
| 245 |
_aState and industrial capitalism in Egypt / _cby Samer Soliman |
||
| 260 |
_aCairo : _bAmerican University in Cairo Press,1999. _c1999 |
||
| 300 |
_a104 p. ; _c21 cm. |
||
| 500 |
_a700;sm& _a257;l& _a299;yah al- _aTitle on added title page: al-Dawlah wa-al-ra& |
||
| 504 | _aIncludes bibliographical references p.96-103 | ||
| 942 |
_cBB _k330.1220962 S6868 _2ddc |
||
| 999 |
_c2615 _d2615 |
||